000 01163 a2200241 4500
999 _c192085
_d192085
003 Nust
005 20170511111539.0
008 170511b xxu||||| |||| 00| 0 eng d
010 _a 2003048098
020 _a1580535429 (alk. paper)
040 _cNust
082 0 0 _a621.384
100 1 _aRaisanen, Antti V.
_9397
245 1 0 _aRadio engineering for wireless communication and sensor applications--(E-BOOK)
_cAntti V. Raisanen, Arto Lehto.
260 _aBoston, MA :
_bArtech House,
_c2003.
300 _axvii, 396 p. :
_bill. ;
_c24 cm.
440 0 _aArtech House mobile communications series
_9398
505 _a1 Introduction to Radio Waves and Radio Engineering (Page-1) 2 Fundamentals of Electromagnetic Fields(Page-11) 3 Transmission Lines and Waveguides(Page-35) 7 Resonators and Filters(Page-141) 8 Circuits Based on Semiconductor Devices(Page-171) 9 Antennas(Page-205) 10 Propagation of Radio Waves(Page-247) 11 Radio System(Page-271) 12 Applications(Page-307) 13 Biological Effects and Safety Standards(Page-363
650 0 _aDetectors.
_9399
650 0 _aTelecommunication engineering.
_9200
650 0 _aWireless communication systems
_xEquipment and supplies.
_9400
651 _aE-BOOK
_9401
700 1 _aLehto, Arto.
_9402
942 _2ddc
_cBK